| 000 | 00705cab a2200217 4500 | ||
|---|---|---|---|
| 001 | WB3238-49 | ||
| 008 | 090401t1996 xxu||||| |||| 00| 0 eng d | ||
| 035 | _a(Sirsi) u20743 | ||
| 041 | _aeng | ||
| 245 | _aSimplifying survey reports | ||
| 260 | _c1996 | ||
| 350 | _a0 | ||
| 490 |
_aEstate Agency News _vOctober 1996, 19(2) |
||
| 520 | _aBlack Horse Surveying Services considers the introduction of a new type of surveying report written in simple, easy-to-understand language. | ||
| 650 | _aBLACK HORSE SURVEYING SERVICES | ||
| 650 | _aPLAIN ENGLISH CAMPAIGN | ||
| 650 | _aSURVEY REPORT | ||
| 690 | _aMANAGEMENT-BUSINESS MANAGEMENT-PROFESSIONAL PRACTICE | ||
| 942 | _n0 | ||
| 948 | _c04/03/1997 | ||
| 999 |
_c13898 _d13898 |
||